00504nam a2200145Ia 4500008004100000041000800041082001600049100001600065245003500081260003700116300002300153365001100176999001700187952015400204240624s9999 xx 000 0 und d aeng a371.425 HIR aHIRSH WENDY aPLANNING YOUR CAREER IN A WEEK c2002aLondonbHodder & Stoughton a95 : p. : cm. ; 20 cRSb33 c11666d11666 00104070aIMTNbIMTNcRack 16-Bd2008-11-12eAPg99.00l6n1444o371.425 HIRp11666q2026-01-20r2026-01-10 16:07:22s2026-01-10t1w2024-06-24yBK